Manual de tapicería : una guía paso a paso /
Contiene: Herramientas y materiales; Cinchado; Base de costal de yute; Relleno; Almohadillado de alfiletero; Almohadillado con borde; Almohadillado con doble relleno; Resortes; Relleno acolchado; Acojinado con hule espuma.
Gorde:
| Egile nagusia: | |
|---|---|
| Formatua: | Liburua |
| Hizkuntza: | gaztelania |
| Argitaratua: |
México :
Trillas,
1992, c1992
|
| Saila: | (Cómo Hacer Bien y Fácilmente)
|
| Gaiak: | |
| Etiketak: |
Etiketarik gabe, Izan zaitez lehena erregistro honi etiketa jartzen!
|
MARC
| LEADER | 00000nam^a2200000^a^4500 | ||
|---|---|---|---|
| 001 | 000129731 | ||
| 005 | 20250521000000.0 | ||
| 009 | 20260310094923.836 | ||
| 020 | |a 968-24-4554-X | ||
| 037 | |a Acervo ITESO - Biblioteca | ||
| 041 | |a ESP | ||
| 082 | |a 684. 12 |b LES | ||
| 100 | |a Lesur, Luis |e (coordinación) | ||
| 245 | 1 | 0 | |a Manual de tapicería : |b una guía paso a paso / |c Coord. de L. Lesur. |
| 264 | 4 | |a México : |b Trillas, |c 1992, c1992 | |
| 300 | |a 144 p. | ||
| 336 | |a texto |b txt |2 rdacontenido | ||
| 337 | |a sin mediación |b n |2 rdamedio | ||
| 338 | |a volumen |b nc |2 rdasoporte | ||
| 440 | 1 | |a (Cómo Hacer Bien y Fácilmente) | |
| 520 | |a Contiene: Herramientas y materiales; Cinchado; Base de costal de yute; Relleno; Almohadillado de alfiletero; Almohadillado con borde; Almohadillado con doble relleno; Resortes; Relleno acolchado; Acojinado con hule espuma. | ||
| 649 | |a XX | ||
| 650 | |a Tapicería | ||
| 650 | |a Muebles | ||
| 650 | |a Decoración y Ornamentación | ||
| 910 | |a Fondo General | ||
| 920 | |a Impresos - Libros | ||
| 930 | |a Colección General | ||
| 905 | |a 101 | ||
| 901 | |a 0500060048 |b IT1 |c ACC |u 20250521 | ||
| 902 | |a https://opac.biblio.iteso.mx/vufind/Record/000129731 | ||